000 00607cam a22001457a 4500
008 180718b1999 xxu||||| |||| 00| 0 eng d
082 _aA81x54 91/33/Pt5A&5B/D
100 _aCensus of India 1991
245 _aPondicherry: migration tables
260 _aDelhi
_bThe Controller of Publications
_c1999
300 _a833+p.
440 _aCensus of India 1991. Series-33, Pondicherry. Part VA & VB - D series
500 _aContents: Tables D-1, D-2, D-3, D-4, D-5, D-6, D-7, D-8, D-9, D-10, D-11(S), D-11(F), D-12, D-13, D-14, D-15, D-16A, D-16B and D-17
650 _aPondicherry - Migration, Internal - Census
999 _c489203
_d489203